Europe: One-Country Borders Quiz Stats

 Plays Quiz Updated Dec 27, 2017

Challenge
Share
Tweet
Score 0/7 Timer 01:30
45 Plays Today
% Correct
Portugal
92.7%
Ireland
90.7%
United Kingdom
84%
San Marino
74.7%
Vatican City
73.7%
Denmark
73.7%
Monaco
55.8%

You're not logged in!

Compare scores with friends on all Sporcle quizzes.
OR
Log In

You Might Also Like...

Show Comments

Extras

Top Quizzes Today


Score Distribution

Your Account Isn't Verified!

In order to create a playlist on Sporcle, you need to verify the email address you used during registration. Go to your Sporcle Settings to finish the process.

Report this User

Report this user for behavior that violates our Community Guidelines.

Details: